25 Busiest Japan Rail Stations - Statistics

General Stats
  • This quiz has been taken 624 times
  • The average score is 15 of 25
Answer Stats
Ranking Daily Users Prefecture Station % Correct
1 769,307 Tokyo Shinjuku
97%
3 536,554 Tokyo Tokyo
97%
4 431,743 Osaka Osaka
96%
7 371,336 Tokyo Shibuya
93%
5 414,683 Kanagawa Yokohama
91%
16 182,693 Tokyo Ueno
88%
11 237,658 Kyoto Kyoto
87%
15 204,509 Aichi Nagoya
83%
2 559,920 Tokyo Ikebukuro
82%
6 405,787 Tokyo Shinagawa
82%
10 246,623 Tokyo Akihabara
73%
9 252,769 Saitama Omiya
70%
13 209,480 Kanagawa Kawasaki
67%
8 271,028 Tokyo Shinbashi
52%
24 143,898 Tokyo Ebisu
46%
17 169,550 Tokyo Yurakucho
43%
19 160,820 Tokyo Osaki
40%
14 206,683 Tokyo Takadanobaba
39%
20 155,294 Tokyo Hamamatsu-cho
37%
12 214,322 Tokyo Kita-Senju
37%
25 143,202 Osaka Tennoji
37%
22 146,400 Tokyo Nakano
35%
21 152,624 Tokyo Tamachi
27%
18 165,645 Tokyo Tachikawa
23%
23 144,072 Tokyo Kamata
21%
No matching quizzes found
Score Distribution
Percent of People with Each Score
Percentile by Number Answered
Your Score History
You have not taken this quiz